[Event "Canadian op"]
[Site "Edmonton"]
[Date "2005.07.12"]
[Round "5"]
[White "Hyseni, Astrit"]
[Black "Chi, Megan"]
[Result "1-0"]
[WhiteElo "1805"]
[BlackElo "1502"]
[PlyCount "89"]
[EventDate "2005.07.09"]
[EventType "swiss"]
[EventRounds "10"]
[EventCountry "CAN"]
[SourceTitle "CBM 107 Extra"]
[Source "ChessBase"]
[SourceDate "2005.09.01"]
[SourceVersion "1"]
[SourceVersionDate "2005.09.01"]
[SourceQuality "1"]

1. d4 d5 2. c4 e6 3. e3 Nf6 4. Nc3 Be7 5. Bd3 Nbd7 6. Nf3 dxc4 7. Bxc4 b6 8. a3 Bb7 9. 0-0 0-0 10. d5 exd5 11. Nxd5 c5 12. b3 Re8 13. Re1 Ne4 14. Bb2 Ndf6 15. Nxf6+ Bxf6 16. Bxf6 Qxf6 17. Qd7 Re7 18. Qh3 Rd8 19. Rad1 Rc7 20. Rxd8+ Qxd8 21. Qf5 Qd7 22. Qxd7 Rxd7 23. Ne5 Re7 24. Rd1 g6 25. Bxf7+ Kg7 26. f4 Nc3 27. Rd3 Nb5 28. a4 Nc7 29. Bc4 Kf6 30. Rd7 Rxd7 31. Nxd7+ Kf5 32. Kf2 Nd5 33. h3 Ke4 34. a5 bxa5 35. Nxc5+ Kf5 36. g4+ Kf6 37. Nxb7 Nb6 38. Nxa5 Nxc4 39. bxc4 Ke6 40. c5 Kd7 41. c6+ Kc7 42. e4 Kb6 43. e5 Kc7 44. f5 gxf5 45. gxf5 1-0